|
|
|
|
| LEADER |
00000nas a2200000 a 4500 |
| 001 |
ssj0000395694 |
| 003 |
WaSeSS |
| 005 |
20200512172242.0 |
| 006 |
m d |
| 007 |
cr n |
| 008 |
081023c20089999nyuuu p s 0 a0eng d |
| 010 |
|
|
|a 2010208859
|
| 016 |
7 |
|
|a 2501025-6
|2 DE-600
|
| 016 |
7 |
|
|a 018916637
|2 Uk
|
| 022 |
|
|
|a 1687-8442
|l 1687-8434
|y 1687-8434
|
| 035 |
|
|
|a (WaSeSS)ssj0000395694
|
| 037 |
|
|
|a ISSN_16878434
|b Portico
|n Hindawi
|
| 040 |
|
|
|a HUA
|b eng
|c HUA
|d OCLCS
|d OCLCQ
|d HEBIS
|d DLC
|d OCLCQ
|d OCLCF
|d OCLCO
|d OCLCQ
|d LVT
|d VT2
|d LND
|d Z5A
|d DLC
|d ZAC
|d OCLCQ
|d UOK
|d CRU
|d MOW
|d U3W
|d AU@
|d WYU
|d YOU
|d OCLCQ
|d UKMGB
|d WaSeSS
|
| 042 |
|
|
|a lccopycat
|
| 050 |
0 |
0 |
|a TA401
|
| 082 |
1 |
4 |
|a [E]
|
| 130 |
0 |
|
|a Advances in materials science and engineering (Online)
|
| 245 |
1 |
0 |
|a Advances in materials science and engineering
|h [electronic resource].
|
| 260 |
|
|
|a New York, NY :
|b Hindawi Pub. Corp.
|
| 362 |
1 |
|
|a Began with vol. 2008.
|
| 506 |
|
|
|a License restrictions may limit access.
|
| 538 |
|
|
|a Mode of access: World Wide Web.
|
| 588 |
|
|
|a Latest issued consulted: Vol. 2010, article ID 269537 (viewed Oct. 26, 2010).
|
| 588 |
|
|
|a Description based on: Vol. 2008; title from journal home page (publisher Web Site, viewed Oct. 23, 2008).
|
| 650 |
|
0 |
|a Materials science
|v Periodicals.
|
| 650 |
|
7 |
|a Materials science.
|2 fast
|0 (OCoLC)fst01011957
|
| 655 |
|
0 |
|a Electronic journals.
|
| 710 |
2 |
|
|a Hindawi Publishing Corporation.
|
| 776 |
0 |
8 |
|i Print version:
|t Advances in materials science and engineering
|x 1687-8434
|w (OCoLC)661077932
|
| 850 |
|
|
|a DLC
|
| 856 |
4 |
0 |
|z Full text available from Research Library: 01/01/2008 to present
|u https://search.proquest.com/publication/237351
|